| 000 | 00527nam a2200181Ia 4500 | ||
|---|---|---|---|
| 003 | OSt | ||
| 005 | 20201202121235.0 | ||
| 008 | 190216s9999||||xx |||||||||||||| ||und|| | ||
| 020 | _a8177480480 | ||
| 040 | _coclc | ||
| 082 |
_a894.8124 _bUNI/S |
||
| 100 |
_aUniversity, Calicut _9635 |
||
| 245 | 0 |
_aSamskara Kairali / _cCalicut University |
|
| 260 |
_bCalicut University Publications, _aCalicut: _c2002. |
||
| 300 | _a131p | ||
| 650 | _aLekhanam | ||
| 942 |
_cBK _2ddc _h894.8124 _iUNI/S _k894.8124 _mUNI/S |
||
| 999 |
_c28185 _d28185 |
||